Dictionaire technologique ou nouveau dictionnaire universel des arts et métiers : (Record no. 191991)
[ view plain ]
| 000 -LEADER | |
|---|---|
| campo de control de longitud fija | 00679nam a2200181 i 4500 |
| 001 - NÚMERO DE CONTROL | |
| campo de control | 191991 |
| 003 - IDENTIFICADOR DE NÚMERO DE CONTROL | |
| campo de control | ES-MaACL |
| 005 - FECHA Y HORA DE LA ÚLTIMA TRANSACCIÓN | |
| campo de control | 20230906224140.0 |
| 008 - DATOS DE LONGITUD FIJA--INFORMACIÓN GENERAL | |
| campo de control de longitud fija | 221028m18221834fr d 000 0 fre d |
| 040 ## - FUENTE DE CATALOGACIÓN | |
| Centro catalogador/agencia de origen | ESUCM |
| Lengua de catalogación | spa |
| Centro/agencia transcriptor | ESUCM |
| Centro/agencia modificador | ESUCM |
| 080 ## - NÚMERO DE LA CLASIFICACIÓN DECIMAL UNIVERSAL | |
| Número de la Clasificación Decimal Universal | 68"18"(038) |
| 245 00 - MENCIÓN DEL TÍTULO | |
| Título | Dictionaire technologique ou nouveau dictionnaire universel des arts et métiers : |
| Resto del título | et de'leconomie industrielle et commerciale, par une socciéte dee savs d'artistes. |
| 260 ## - PUBLICACIÓN, DISTRIBUCIÓN, ETC. | |
| Lugar de publicación, distribución, etc. | Paris : |
| Nombre del editor, distribuidor, etc. | Thomine, Libraire, Rue de la Harpe, |
| Fecha de publicación, distribución, etc. | 1822-1834. |
| 300 ## - DESCRIPCIÓN FÍSICA | |
| Extensión | 22 v. ; |
| Dimensiones | 21 cm. |
| 650 07 - PUNTO DE ACCESO ADICIONAL DE MATERIA--TÉRMINO DE MATERIA | |
| Término de materia o nombre geográfico como elemento de entrada | Tecnología- |
| Subdivisión de forma | Diccionarios. |
| 9 (RLIN) | 17402 |
| 650 00 - PUNTO DE ACCESO ADICIONAL DE MATERIA--TÉRMINO DE MATERIA | |
| Término de materia o nombre geográfico como elemento de entrada | Ciencias- |
| Subdivisión de forma | Diccionarios. |
| 9 (RLIN) | 10973 |
| 852 4# - LOCALIZACIÓN | |
| Ubicación | ES-MaACL |
| Número de control de estantería | B-6903-23 |
| Estatus retirado | Estado de pérdida | Estado de daño | No para préstamo | Colección | Biblioteca de origen | Biblioteca actual | Ubicación en estantería | Fecha de adquisición | Total de préstamos | Signatura topográfica completa | Código de barras | Visto por última vez | Precio de reemplazo | Tipo de ítem Koha |
|---|---|---|---|---|---|---|---|---|---|---|---|---|---|---|
| Libros del s. XIX | Biblioteca del Ateneo de Madrid | Biblioteca del Ateneo de Madrid | Sala Pardo Bazán | 28/10/2022 | B-6903-23 | 1204479 | 23/02/2023 | 23/02/2023 | Libro impreso antiguo |
